000 00635nam a2200241Ia 4500
003 OSt
005 20220926040606.0
006 a|||||r|||| 00| 0
007 ta
008 220923b |||||||| |||| 00| 0 eng d
037 _cGeneral Book
040 _aRTL
_cRTL
_beng
041 _2eng
_aeng
082 _aX:54.1N480k5..N6, K0
110 _aEconomist Intelligence Unit
245 0 _aCommonwealth and Europe
260 _c1960
650 _a Economics
650 _aInternational Trade
700 _aEconomist Intelligence Unit
942 _hX:54.1N480k5..N6, K0
_cGB
_2CC
999 _c665173
_d665173